Nature. (Record no. 1752)

MARC details
000 -LEADER
fixed length control field 01213nam a2200373 a 4500
001 - CONTROL NUMBER
control field data
005 - DATE AND TIME OF LATEST TRANSACTION
control field 20260322212116.0
008 - FIXED-LENGTH DATA ELEMENTS--GENERAL INFORMATION
fixed length control field data
035 ## - SYSTEM CONTROL NUMBER
System control number 1660292
010 ## - LIBRARY OF CONGRESS CONTROL NUMBER
LC control number 97143374
020 ## - INTERNATIONAL STANDARD BOOK NUMBER
International Standard Book Number 0789415488 :
Terms of availability $4.95
020 ## - INTERNATIONAL STANDARD BOOK NUMBER
International Standard Book Number 9780789415486
035 ## - SYSTEM CONTROL NUMBER
-- (DLC) 97143374
035 ## - SYSTEM CONTROL NUMBER
System control number (OCoLC)36704144
040 ## - CATALOGING SOURCE
Original cataloging agency MoS
Transcribing agency MoS
Modifying agency DLC
042 ## - AUTHENTICATION CODE
Authentication code lcac
-- lcac
050 00 - LIBRARY OF CONGRESS CALL NUMBER
Classification number QH48
Item number .N275 1997
082 00 - DEWEY DECIMAL CLASSIFICATION NUMBER
Classification number 508
Edition information 21
245 00 - TITLE STATEMENT
Title Nature.
260 ## - PUBLICATION, DISTRIBUTION, ETC.
Place of publication, distribution, etc. New York, N.Y. :
Name of publisher, distributor, etc. Snapshot,
Date of publication, distribution, etc. c1997.
300 ## - PHYSICAL DESCRIPTION
Extent 1 v. (unpaged) :
Other physical details col. ill. ;
Dimensions 14 cm.
336 ## - CONTENT TYPE
Content type term text
Content type code txt
Source rdacontent
337 ## - MEDIA TYPE
Media type term unmediated
Media type code n
Source rdamedia
338 ## - CARRIER TYPE
Carrier type term volume
Carrier type code nc
Source rdacarrier
500 ## - GENERAL NOTE
General note Cover title.
520 ## - SUMMARY, ETC.
Summary, etc. Labeled color photographs on board pages introduce first words and concepts about nature.
650 #0 - SUBJECT ADDED ENTRY--TOPICAL TERM
Topical term or geographic name entry element Nature
General subdivision Juvenile literature.
650 #1 - SUBJECT ADDED ENTRY--TOPICAL TERM
Topical term or geographic name entry element Nature.
906 ## - LOCAL DATA ELEMENT F, LDF (RLIN)
a 7
b cbc
c copycat
d 2
e ncip
f 19
g y-gencatlg
922 ## -
-- ad
991 ## -
-- c-GenColl
-- QH48
-- .N275 1997
-- 00038324937
-- Copy 1
-- BOOKS
Holdings
Withdrawn status Lost status Damaged status Not for loan Home library Current library Shelving location Date acquired Total checkouts Full call number Barcode Date last seen Price effective from Koha item type
        Fairview Fairview General stacks 22/03/2026   508 LOC-FPL-00037 22/03/2026 22/03/2026 Books